| 000 | 00813cam a2200193 4500 | ||
|---|---|---|---|
| 001 | ABS66235 | ||
| 008 | 021213n2002 000 0 eng u | ||
| 035 | _a(Sirsi) u120768 | ||
| 100 | _aEllison, W | ||
| 245 | _aWin with teamwork | ||
| 260 | _c2002 | ||
| 490 |
_aEstates Gazette _v(0246) 16 November 2002, 182-183(2) |
||
| 520 | _aSuggests consulting and informing the local community can help a developer persuade them to support proposals for new developments. Outlines a seven-point plan for getting local residents support, including notification, information, consultation, measurement of results, reporting back, responding and publication of any revised scheme. | ||
| 590 | _aABS | ||
| 650 | _aCONSULTATION | ||
| 650 | _aLOCAL COMMUNITIES | ||
| 690 | _aPROPERTY-PROPERTY DEVELOPMENT | ||
| 942 | _n0 | ||
| 999 |
_c71760 _d71760 |
||